The U.S. Pledge of Allegiance - Statistics

General Stats
  • This quiz has been taken 18,396 times
  • The average score is 27 of 31
Answer Stats
Word % Correct
I
99%
the
98%
the
98%
the
98%
to
97%
to
97%
all
96%
America
96%
of
96%
of
96%
Pledge
96%
States
96%
United
96%
and
93%
and
93%
Flag
93%
Allegiance
91%
for
86%
for
86%
God
86%
Nation
82%
under
82%
it
81%
one
81%
which
81%
stands
80%
justice
78%
liberty
77%
Republic
77%
with
72%
indivisible
67%
No matching quizzes found
Score Distribution
Percent of People with Each Score
Percentile by Number Answered
Your Score History
You have not taken this quiz